Statistics for PLL Actor/Actresses Real Names

Click here to take the quiz!

General Stats

  • This quiz has been taken 98 times
  • The average score is 9 of 15

Answer Stats

CharactersActor/Actresses Names% Correct
Aria MontgomeryLucy Hale
95%
Emily FieldsShay Mitchell
95%
Hanna MarinAshley Benson
92%
Ezra FitzIan Harding
79%
Spencer HastingsTroian Bellisario
78%
Alison DiLaurentisSasha Pieterse
69%
Toby CavanaughKeegan Allen
67%
Mona VanderwaalJanel Parrish
63%
Caleb RiversTyler Blackburn
58%
Maya St.GermainBianca Lawson
37%
Jenna MarshallTammin Sursok
36%
Noel KahnBrant Daugherty
31%
CeCe Drake/Charlotte DiLaurentisVanessa Ray
31%
Wren KingstonJulian Morris
21%
Darren WildenBryce Johnson
19%

Score Distribution

Percentile by Number Answered

Percent of People with Each Score

Your Score History

You have not taken this quiz